| 000 | 02280cam a2200409 i 4500 | ||
|---|---|---|---|
| 003 | SA-RiAUC | ||
| 005 | 20241223050939.0 | ||
| 008 | 241222s2004 su g 000 0 ara c | ||
| 020 | _z5035469960 | ||
| 040 |
_aSA-RiIMS _bara _cSA-RiAUC _erda |
||
| 082 | 0 | 4 |
_a235.1 _qSA-RiAUC |
| 090 |
_a235.1 _bا ب ن ع |
||
| 100 | 1 |
_aابن عبد البر، يوسف بن عبد الله بن محمد، _d368-463 هجري _eمؤلف. |
|
| 245 | 1 | 0 |
_aكتاب الأجوبة عن المسائل المستغربة من كتاب البخاري / _cتأليف الحافظ جمال الدين أبي عمر يوسف بن عبد الله بن محمد بن عبد البر النمري القرطبي المالكي ؛ قرأه وعلق عليه عبد الخالق بن محمد بن ماضي ؛ تقديم محمد بن عمر بن سالم بازمول. |
| 246 | 3 | 0 | _aالأجوبة عن المسائل المستغربة من كتاب البخاري |
| 250 | _aالطبعة الأولى. | ||
| 264 | 1 |
_aالرياض : _bوقف السلام الخيري، _c2004 |
|
| 300 |
_a313 صفحة ؛ _c24 سم. |
||
| 336 |
_aنص _btxt _2rdacontent _3كتاب |
||
| 337 |
_aبدون وسيط _bn _2rdamedia |
||
| 338 |
_aمجلد _bnc _2rdacarrier |
||
| 490 | 0 |
_aسلسلة الإصدارات العلمية _v1 |
|
| 500 | _aاهداء من عادل بتاريخ 10/11/1425 | ||
| 650 | 7 |
_aالحديث _xالإسناد الصحيح _2aucsh |
|
| 650 | 7 |
_aالحديث _xالكتب الستة _2aucsh |
|
| 650 | 7 |
_aصحيح البخاري _2aucsh |
|
| 650 | 7 |
_aالحديث _xشرح _2aucsh |
|
| 650 | 7 |
_aالحديث _xمشكل _2aucsh |
|
| 650 | 7 |
_aالحديث _xصحيح البخاري _2aucsh |
|
| 700 | 1 |
_aبازمول، محمد عمر سالم، _d1382 هجري- _eمقدم. |
|
| 700 | 1 |
_aماضي، عبد الخالق بن محمد _eمعلق. |
|
| 700 | 1 | 2 |
_aالبخاري، محمد بن إسماعيل بن إبراهيم، _d194-256 هجري |
| 740 | 0 | 2 | _aصحيح البخاري، المسمى، الجامع الصحيح المسند من حديث رسول الله وسننه وأيامه. |
| 740 | 2 | 2 | _aالجامع الصحيح المسند من حديث رسول الله وسننه وأيامه. |
| 942 |
_2ddc _cBOOK _n0 |
||
| 949 |
_aSA-JeALM _d241222 _umohamedma123 _n1 |
||
| 999 |
_c3782 _d3782 |
||